| 000 | 01234cam a2200361 i 4500 | ||
|---|---|---|---|
| 001 | 54796 | ||
| 003 | Mx-PuUPA | ||
| 005 | 20260428110541.0 | ||
| 008 | 140415s2007 mx dr 000 j spa d | ||
| 020 | _a9789706888808 | ||
| 020 |
_a9789687791760 _qde la colección El Barco de Vapor |
||
| 040 |
_cMx-PuUPA _aMx-PuUPA _bspa _dMx-PuUPA _erda |
||
| 041 | 0 | _aspa | |
| 100 | 1 |
_aLeñero, Carmen, _d1959- _911191 _eautor |
|
| 245 | 1 | 3 |
_aLa pequeña tempestad / _cCarmen Leñero |
| 250 | _aPrimera edición | ||
| 264 | 1 |
_aMéxico, D. F. : _bSM de Ediciones, _c2007 |
|
| 300 |
_a94 páginas ; _c19 cm |
||
| 336 |
_2rdacontent _atexto _btxt |
||
| 337 |
_2rdamedia _asin medio _bn |
||
| 338 |
_2rdacarrier _avolumen _bnc |
||
| 490 | 1 |
_aEl barco de vapor. Roja ; _v14 M |
|
| 500 | _aReimpresiones: (2009). | ||
| 521 | 1 | _aA partir de 12 años. | |
| 650 | 7 |
_2armarc _aLiteratura mexicana |
|
| 650 | 7 |
_2armarc _aAmor _xLiteratura infantil |
|
| 655 | 7 |
_2armarc _aCuentos infantiles mexicanos |
|
| 830 | 3 |
_aEl barco de vapor _pRoja _v14 M |
|
| 942 |
_2ddc _cLI _h863 _iB2614 |
||
| 999 |
_c54796 _d54796 |
||